A really practical handbook of children's palliative care: (Record no. 5963)
[ view plain ]
| 000 -LEADER | |
|---|---|
| fixed length control field | 00586nam a2200193 4500 |
| 003 - CONTROL NUMBER IDENTIFIER | |
| control field | OSt |
| 005 - DATE AND TIME OF LATEST TRANSACTION | |
| control field | 20180118193024.0 |
| 008 - FIXED-LENGTH DATA ELEMENTS--GENERAL INFORMATION | |
| fixed length control field | 180118b xxu||||| |||| 00| 0 eng d |
| 020 ## - INTERNATIONAL STANDARD BOOK NUMBER | |
| International Standard Book Number | 978148344024 |
| 040 ## - CATALOGING SOURCE | |
| Transcribing agency | 040a |
| 082 ## - DEWEY DECIMAL CLASSIFICATION NUMBER | |
| Classification number | WB 310 |
| Item number | A38a 2016 |
| 100 ## - MAIN ENTRY--PERSONAL NAME | |
| Personal name | Amery, Justin |
| 9 (RLIN) | 12373 |
| 245 ## - TITLE STATEMENT | |
| Title | A really practical handbook of children's palliative care: |
| Remainder of title | for Doctors and nursese anywhere in the world / |
| 260 ## - PUBLICATION, DISTRIBUTION, ETC. (IMPRINT) | |
| Place of publication, distribution, etc. | Morrisville |
| Name of publisher, distributor, etc. | Lulu publication |
| Date of publication, distribution, etc. | 2016 |
| 300 ## - PHYSICAL DESCRIPTION | |
| Extent | xxi, 422p; |
| Other physical details | ill: |
| Dimensions | 20 cm |
| 504 ## - BIBLIOGRAPHY, ETC. NOTE | |
| Bibliography, etc | Includes index |
| 650 ## - SUBJECT ADDED ENTRY--TOPICAL TERM | |
| Topical term or geographic name as entry element | Palliative care |
| 9 (RLIN) | 1786 |
| 942 ## - ADDED ENTRY ELEMENTS (KOHA) | |
| Source of classification or shelving scheme | Dewey Decimal Classification |
| Koha item type | Open Shelf |
| Withdrawn status | Lost status | Source of classification or shelving scheme | Damaged status | Not for loan | Home library | Current library | Date acquired | Source of acquisition | Inventory number | Total Checkouts | Full call number | Barcode | Date last seen | Price effective from | Koha item type |
|---|---|---|---|---|---|---|---|---|---|---|---|---|---|---|---|
| Dewey Decimal Classification | MUST Main Library | MUST Main Library | 18/01/2018 | 2017/40444 | WB 310 A38a 2016 | 2018-0039 | 18/01/2018 | 18/01/2018 | Open Shelf | ||||||
| Dewey Decimal Classification | MUST Main Library | MUST Main Library | 18/01/2018 | 2017/40445 | WB 310 A38a 2016 | 2018-0040 | 18/01/2018 | 18/01/2018 | Open Shelf |
